Top 16 Deadliest WW1 Battles - Statistics

General Stats
  • This quiz has been taken 47 times
  • The average score is 6 of 16
Answer Stats
Hint Answer % Correct
1916698,000 deaths Battle of Verdun
91%
19161,113,000 deaths First Battle of the Somme
91%
1918804,100 deaths Second Battle of the Somme
91%
1914519,000 deaths First Battle of the Marne
64%
1917857,100 deaths Third Battle of Ypres
57%
1915-1916470,000 deaths Campaign of Gallipoli
55%
1918 1,539,715 deaths Spring offensive
30%
19162,317,800 deaths Brusilov offensive
27%
19181,855,369 deaths 100 days offensive
23%
1914655,000 deaths Battle of Galicia
11%
1917355,000 deaths Second battle of the Aisne
11%
191836,000 deaths Battle of Amiens
9%
1917 278,000 deaths Battle of Arras
9%
1914347,000 deaths Battle of Tannenberg Lake
7%
1914405,000 deaths Battle of Kolubara
5%
19151,087,000 deaths Gorlice-Tarnow offensive
5%
No matching quizzes found
Score Distribution
Percent of People with Each Score
Percentile by Number Answered
Your Score History
You have not taken this quiz